000 00653cam a22002411a 4500
001 0000004185
003 OSt
005 20140825164203.0
008 870815s1951 enkc b 00000 eng d
035 _a 02190080
040 _aMnSLN
_cMnSLN
_dPUL
050 _aBX8352
_b.C3 1951
100 1 0 _aCarter, Henry,
_d1874-.
245 1 4 _aThe Methodist heritage.
260 0 _aLondon :
_bEpworth,
_c[1960, 1951]
300 _axiv, 246 p. :
_bports. ;
_c23 cm.
504 _aBibliography: p. xiv.
600 2 0 _aMethodist Church
_b(GREAT BRITAIN)
650 0 0 _aMethodism
_xHistory.
650 0 0 _aEcumenical movement.
908 _a050322
942 _2lcc
_cBK
999 _c4039
_d4039